000
00226nam a2200097Ia 4500
008
230508s2000 xx 000 0 und d
041
_a
eng
100
_a
CADICK JOHN
245
_a
CABLES & WIRING
260
_b
DELMAR PUBLI.
_c
2000
999
_c
323756
_d
323756